Insulation guide for buildings and industrial processes (Record no. 34632)

MARC details
000 -LEADER
fixed length control field 00301nam a2200109Ia 4500
082 ## - DEWEY DECIMAL CLASSIFICATION NUMBER
Classification number 621.315.2
Item number HES
100 ## - MAIN ENTRY--AUTHOR NAME
Personal name Hess, L Y
245 #0 - TITLE STATEMENT
Title Insulation guide for buildings and industrial processes
260 ## - PUBLICATION, DISTRIBUTION, ETC. (IMPRINT)
Place of publication New Jersey
Name of publisher Noyes Data
Year of publication 1979
942 ## - ADDED ENTRY ELEMENTS (KOHA)
Koha item type Books
Holdings
Withdrawn status Lost status Damaged status Not for loan Home library Current library Date acquired Cost, normal purchase price Full call number Accession Number Koha item type
        RRII Library RRII Library 16/12/2021 24.00 621.315.2 HES 15062 Books